Physical science (Record no. 299863)

MARC details
000 -LEADER
fixed length control field 00277pam a2200121a 44500
008 - FIXED-LENGTH DATA ELEMENTS--GENERAL INFORMATION
fixed length control field 230405s1996 xxu||||| |||| 00| 0 eng d
041 ## - LANGUAGE CODE
Language code of text/sound track or separate title ENG
100 ## - MAIN ENTRY--PERSONAL NAME
Personal name Tillery
245 ## - TITLE STATEMENT
Title Physical science
260 ## - PUBLICATION, DISTRIBUTION, ETC.
Place of publication, distribution, etc.
Name of publisher, distributor, etc. Mcgraw Hill Book company
Date of publication, distribution, etc. 1996
300 ## - PHYSICAL DESCRIPTION
Extent 702
906 ## - LOCAL DATA ELEMENT F, LDF (RLIN)
a 9364
Holdings
Withdrawn status Lost status Damaged status Not for loan Collection Home library Current library Shelving location Date acquired Source of acquisition Cost, normal purchase price Total Checkouts Barcode Date last seen Price effective from Koha item type
          Matoshri Bayabai Shripatrao Kadam Kanya Mahavidyalaya, Kadegaon, Sangli Matoshri Bayabai Shripatrao Kadam Kanya Mahavidyalaya, Kadegaon, Sangli   15/06/2011 Libarary Book house 4174.00   KVK-XITH00771 18/04/2023 18/04/2023 Book